00360pab a2200133 454500008004000000100002700040245006100067260000900128300001700137362001100154650002800165650001300193773002000206180718b2010 xxu||||| |||| 00| 0 eng d aBhardwaj, amita Pandey aNeeded competencies for the teachers in the 21st century c2010 ap.12-15, 19. a18 Oct aTeachers - 21st century aTeachers aUniversity News